[Event "Hong Kong op"]
[Site "Hong Kong"]
[Date "2023.12.27"]
[Round "7"]
[White "Kannappan, Thanneermalai"]
[Black "Tong, Ho Man"]
[Result "1/2-1/2"]
[WhiteElo "1805"]
[BlackElo "1352"]
[PlyCount "67"]
[EventDate "2023.12.24"]
[EventType "swiss"]
[EventRounds "9"]
[EventCountry "HKG"]
[SourceTitle "CB01_2024"]
[SourceDate "2024.01.03"]
[SourceVersion "1"]
[SourceVersionDate "2024.01.03"]
[SourceQuality "1"]

1. e4 c5 2. Nf3 Nc6 3. d4 cxd4 4. Nxd4 g6 5. c4 Nf6 6. Nc3 d6 7. Be2 Nxd4 8. Qxd4 Bg7 9. Be3 0-0 10. Qd2 a5 11. 0-0 a4 12. f3 Qa5 13. Rab1 Be6 14. Rfc1 Rfc8 15. b4 axb3 16. axb3 Qb4 17. Na4 Qxd2 18. Bxd2 Nd7 19. Bc3 f5 20. Bxg7 Kxg7 21. Bd3 Nc5 22. Nxc5 Rxc5 23. b4 Rc7 24. c5 Rac8 25. Re1 dxc5 26. bxc5 Rd8 27. exf5 Ba2 28. Rb2 Rxd3 29. Rxa2 gxf5 30. Rae2 Kf7 31. Re5 Kf6 32. Re6+ Kf7 33. R6e5 Kf6 34. Re6+ 1/2-1/2

[Event "Hong Kong op"]
[Site "Hong Kong"]
[Date "2023.12.25"]
[Round "3"]
[White "Kannappan, Thanneermalai"]
[Black "Ha, Yihan"]
[Result "1/2-1/2"]
[WhiteElo "1805"]
[BlackElo "1676"]
[PlyCount "59"]
[EventDate "2023.12.24"]
[EventType "swiss"]
[EventRounds "9"]
[EventCountry "HKG"]
[SourceTitle "CB01_2024"]
[SourceDate "2024.01.03"]
[SourceVersion "1"]
[SourceVersionDate "2024.01.03"]
[SourceQuality "1"]

1. e4 c6 2. d4 d5 3. exd5 cxd5 4. c4 Nf6 5. Nc3 Nc6 6. Bg5 dxc4 7. d5 Na5 8. Bxc4 Nxc4 9. Qa4+ Bd7 10. Qxc4 h6 11. Be3 e6 12. dxe6 Bxe6 13. Qb5+ Qd7 14. Qxd7+ Bxd7 15. 0-0-0 Bc6 16. f3 Bb4 17. Nge2 0-0 18. a3 Be7 19. Rhe1 Rfc8 20. Kb1 b5 21. Nd4 b4 22. Nxc6 Rxc6 23. axb4 Bxb4 24. Bd4 Rb8 25. Bxf6 Bxc3 26. Bxc3 Rxc3 27. Rd7 Rcb3 28. Re2 a5 29. Ra7 R3b5 30. Ka2 1/2-1/2

[Event "World ol U16"]
[Site "Eindhoven"]
[Date "2023.08.17"]
[Round "8.21"]
[White "Huang, Youhe"]
[Black "Kannappan, Thanneermalai"]
[Result "1/2-1/2"]
[WhiteElo "2083"]
[BlackElo "1761"]
[PlyCount "212"]
[EventDate "2023.08.13"]
[EventType "team-swiss"]
[EventRounds "9"]
[EventCountry "NED"]
[SourceTitle "CBM 215 Extra"]
[Source "ChessBase"]
[SourceDate "2023.09.30"]
[SourceVersion "1"]
[SourceVersionDate "2023.09.30"]
[SourceQuality "1"]
[WhiteTeam "Canada II"]
[BlackTeam "Hong Kong"]
[WhiteTeamCountry "CAN"]
[BlackTeamCountry "HKG"]

1. e4 c5 2. Ne2 d6 3. g3 g6 4. Bg2 Bg7 5. 0-0 Nc6 6. c3 e6 7. d4 cxd4 8. cxd4 Nge7 9. Nbc3 0-0 10. h4 Rb8 11. Be3 d5 12. Bf4 Ra8 13. Nb5 a6 14. Nd6 Nxd4 15. Nxd4 e5 16. Nxc8 Rxc8 17. Be3 exd4 18. Bxd4 Bxd4 19. Qxd4 dxe4 20. Qxe4 Nc6 21. Rad1 Qb6 22. b3 Rfe8 23. Qf4 Rcd8 24. h5 Nd4 25. Kh2 Qc5 26. Bxb7 Qxh5+ 27. Kg2 Ne2 28. Qf3 Qxf3+ 29. Bxf3 Nc3 30. Rxd8 Rxd8 31. a3 Rd3 32. Bb7 a5 33. Ba6 Rd6 34. Bc4 Kf8 35. Re1 Rd2 36. Re3 Nd1 37. Rf3 f5 38. Kf1 Nb2 39. Bb5 Rd5 40. a4 Ke7 41. Rc3 Kd6 42. Rc6+ Ke5 43. Ra6 Kd4 44. Be2 Kc3 45. Rb6 Nd3 46. Bxd3 Rxd3 47. Rb5 Kd4 48. Ke2 Rc3 49. Rxa5 Rxb3 50. Ra7 h6 51. Ra6 Rb2+ 52. Kf3 Rb3+ 53. Kg2 Ra3 54. a5 Ke5 55. Rxg6 Rxa5 56. Rxh6 Ra3 57. Rh5 Kf6 58. f4 Kg6 59. Rg5+ Kf6 60. Kh3 Rb3 61. Rg8 Rb2 62. Ra8 Rb6 63. Kh4 Kg6 64. Rg8+ Kf7 65. Rg5 Kf6 66. Kh5 Rb3 67. Kh6 Rc3 68. Rg6+ Kf7 69. Rg7+ Kf6 70. Kh7 Rb3 71. Kh8 Rc3 72. Rg5 Rb3 73. Kh7 Rc3 74. Kh6 Rb3 75. Kh5 Rc3 76. Kh4 Rc1 77. Kh3 Rc3 78. Kg2 Rb3 79. Kf2 Ra3 80. Rg8 Rb3 81. Rf8+ Ke6 82. Re8+ Kf6 83. Rd8 Ke6 84. Rd2 Rc3 85. Re2+ Kf6 86. Re3 Rc4 87. Kf3 Ra4 88. Rb3 Rc4 89. Rb6+ Kf7 90. Kg2 Rc3 91. Kh3 Rd3 92. Kh4 Rc3 93. Kg5 Rxg3+ 94. Kxf5 Rc3 95. Rb7+ Kf8 96. Kg5 Rc6 97. f5 Ra6 98. Rh7 Kg8 99. Rd7 Kf8 100. Rd5 Rb6 101. f6 Rb1 102. Re5 Rg1+ 103. Kf5 Kf7 104. Re7+ Kf8 105. Re5 Kf7 106. Re7+ Kf8 1/2-1/2

[Event "World ol U16"]
[Site "Eindhoven"]
[Date "2023.08.17"]
[Round "7.22"]
[White "Kurt, Sascha"]
[Black "Kannappan, Thanneermalai"]
[Result "1-0"]
[WhiteElo "1939"]
[BlackElo "1761"]
[PlyCount "91"]
[EventDate "2023.08.13"]
[EventType "team-swiss"]
[EventRounds "9"]
[EventCountry "NED"]
[SourceTitle "CBM 215 Extra"]
[Source "ChessBase"]
[SourceDate "2023.09.30"]
[SourceVersion "1"]
[SourceVersionDate "2023.09.30"]
[SourceQuality "1"]
[WhiteTeam "Netherlands IV"]
[BlackTeam "Hong Kong"]
[WhiteTeamCountry "NED"]
[BlackTeamCountry "HKG"]

1. e4 c5 2. Nf3 d6 3. d4 cxd4 4. Nxd4 Nf6 5. Nc3 g6 6. Be3 Bg7 7. f3 Nc6 8. Qd2 0-0 9. Bc4 Bd7 10. 0-0-0 Rc8 11. Bb3 Ne5 12. Kb1 Nc4 13. Bxc4 Rxc4 14. g4 b5 15. b3 b4 16. bxc4 bxc3 17. Qxc3 Qc7 18. Ka1 Rc8 19. Rd3 d5 20. g5 Ne8 21. exd5 Nd6 22. c5 Nb5 23. Qc4 Nd6 24. Qb4 Qxc5 25. Qxc5 Rxc5 26. Kb1 Rxd5 27. Nb3 Rb5 28. Rhd1 Bf5 29. Rd5 Rb7 30. Bf4 Rc7 31. Rc5 Rd7 32. Bxd6 exd6 33. Rc8+ Bf8 34. Re1 Be6 35. Rb8 Kg7 36. Nd4 Be7 37. f4 Bd5 38. h4 f5 39. h5 Be4 40. h6+ Kf7 41. Rh8 d5 42. Rxh7+ Ke8 43. Rg7 Rb7+ 44. Nb3 Kf8 45. Rxg6 Rc7 46. Re2 1-0

[Event "World ol U16"]
[Site "Eindhoven"]
[Date "2023.08.14"]
[Round "2.21"]
[White "Kannappan, Thanneermalai"]
[Black "Asylov, Miras"]
[Result "1/2-1/2"]
[WhiteElo "1761"]
[BlackElo "2243"]
[PlyCount "34"]
[EventDate "2023.08.13"]
[EventType "team-swiss"]
[EventRounds "9"]
[EventCountry "NED"]
[SourceTitle "CBM 215 Extra"]
[Source "ChessBase"]
[SourceDate "2023.09.30"]
[SourceVersion "1"]
[SourceVersionDate "2023.09.30"]
[SourceQuality "1"]
[WhiteTeam "Hong Kong"]
[BlackTeam "Kazakhstan IV"]
[WhiteTeamCountry "HKG"]
[BlackTeamCountry "KAZ"]

1. e4 c6 2. d4 d5 3. exd5 cxd5 4. c4 Nf6 5. Nc3 e6 6. Nf3 Bb4 7. cxd5 Nxd5 8. Qc2 Nc6 9. Bd3 Ba5 10. a3 h6 11. 0-0 0-0 12. Bd2 Bb6 13. Rad1 Nce7 14. Na4 Bc7 15. Ne5 b6 16. f4 Bb7 17. Nc3 Rc8 1/2-1/2

[Event "Online Olym Div4 A"]
[Site "Chess.com INT"]
[Date "2021.08.22"]
[Round "8.5"]
[White "Kannappan, Thanneermalai"]
[Black "Al Mahmood, Salman"]
[Result "1/2-1/2"]
[WhiteElo "1504"]
[BlackElo "1700"]
[PlyCount "158"]
[EventDate "2021.08.20"]
[EventType "team (rapid)"]
[EventRounds "11"]
[EventCountry "USA"]
[SourceTitle "CBM 203 Extra"]
[Source "ChessBase"]
[SourceDate "2021.09.30"]
[SourceVersion "1"]
[SourceVersionDate "2021.09.30"]
[SourceQuality "1"]
[WhiteTeam "Hong Kong"]
[BlackTeam "Bahrain"]
[WhiteTeamCountry "HKG"]
[BlackTeamCountry "BHN"]

1. e4 d6 2. d4 g6 3. Nc3 Bg7 4. f4 Nd7 5. Nf3 e5 6. fxe5 dxe5 7. d5 Ngf6 8. Bg5 0-0 9. Qd2 a6 10. 0-0-0 b5 11. Bd3 Re8 12. h4 Nc5 13. Qf2 Qd6 14. Bxf6 Bxf6 15. Rdf1 b4 16. Nd1 Re7 17. Ng5 Kg7 18. Ne3 Qb6 19. Qf3 Nd7 20. Ng4 a5 21. Qg3 h5 22. Nxf6 Nxf6 23. Nf3 Ng4 24. Nd2 Ba6 25. Bxa6 Rxa6 26. Rf3 a4 27. Rhf1 a3 28. bxa3 Qd4 29. Kd1 Rxa3 30. Rxa3 bxa3 31. Rf3 Qa1+ 32. Ke2 Qxa2 33. Rxa3 Qxc2 34. Rc3 Qa4 35. Rc6 Qb5+ 36. Qd3 Qb8 37. Qc4 Nf6 38. Qc3 Ne8 39. Nc4 Qb5 40. Ke3 Qb1 41. Nxe5 f6 42. Nf3 Rxe4+ 43. Kf2 Qa2+ 44. Kg3 Nd6 45. Rxc7+ Kh6 46. Qd2+ Qxd2 47. Nxd2 Nf5+ 48. Kf2 Rxh4 49. Nf3 Ra4 50. Rc6 Ra5 51. d6 Rd5 52. Ra6 Rxd6 53. Ra8 g5 54. Rf8 Kg7 55. Ra8 g4 56. Ne1 Rd2+ 57. Kf1 Ne3+ 58. Kg1 g3 59. Ra3 Re2 60. Ra1 h4 61. Rc1 Kg6 62. Rb1 Kg5 63. Rb5+ f5 64. Nf3+ Kg4 65. Rb4+ f4 66. Ne5+ Kf5 67. Nf3 Rxg2+ 68. Kh1 Rh2+ 69. Nxh2 gxh2 70. Kxh2 Kg4 71. Kg1 h3 72. Kh2 Nf1+ 73. Kg1 h2+ 74. Kg2 Kf5 75. Rb1 f3+ 76. Kh1 Nd2 77. Rd1 f2 78. Kxh2 f1Q 79. Rxf1+ Nxf1+ 1/2-1/2

[Event "Online Olym Div4 A"]
[Site "Chess.com INT"]
[Date "2021.08.22"]
[Round "10.4"]
[White "Kannappan, Thanneermalai"]
[Black "Boulos, Carlos"]
[Result "1-0"]
[WhiteElo "1504"]
[BlackElo "2127"]
[PlyCount "61"]
[EventDate "2021.08.20"]
[EventType "team (rapid)"]
[EventRounds "11"]
[EventCountry "USA"]
[SourceTitle "CBM 203 Extra"]
[Source "ChessBase"]
[SourceDate "2021.09.30"]
[SourceVersion "1"]
[SourceVersionDate "2021.09.30"]
[SourceQuality "1"]
[WhiteTeam "Hong Kong"]
[BlackTeam "Lebanon"]
[WhiteTeamCountry "HKG"]
[BlackTeamCountry "LBN"]

1. e4 e5 2. Nf3 Nc6 3. Bb5 f5 4. d3 fxe4 5. dxe4 Nf6 6. 0-0 d6 7. Bc4 Be7 8. Ng5 Rf8 9. Nxh7 Rh8 10. Ng5 d5 11. exd5 Nd4 12. d6 cxd6 13. Nf7 Qb6 14. Nxh8 Bg4 15. Qd3 e4 16. Qg3 d5 17. Be3 dxc4 18. Bxd4 Qxd4 19. Nc3 0-0-0 20. Nf7 Rd7 21. Nb5 Qc5 22. Ne5 Be6 23. Nxd7 Bxd7 24. Nc3 g5 25. Rad1 Bg4 26. Nxe4 Qf5 27. Nd6+ Bxd6 28. Qxd6 Bxd1 29. Rxd1 b6 30. Qc6+ Kb8 31. Rd8+ 1-0

[Event "Wch FIDE Online U12 Asia qual"]
[Site "Tornelo INT"]
[Date "2020.12.12"]
[Round "3"]
[White "Kannappan, Thanneermalai"]
[Black "Gao, Oscar"]
[Result "1/2-1/2"]
[WhiteElo "1504"]
[BlackElo "1653"]
[PlyCount "118"]
[EventDate "2020.12.11"]
[EventType "swiss (rapid)"]
[EventRounds "7"]
[EventCountry "ISS"]
[SourceTitle "EXT 2022"]
[Source "ChessBase"]
[SourceDate "2021.10.06"]
[SourceVersion "1"]
[SourceVersionDate "2021.10.06"]
[SourceQuality "1"]

1. e4 e5 2. Nf3 Nc6 3. Bb5 a6 4. Bxc6 dxc6 5. 0-0 Qd6 6. Na3 Be6 7. Qe2 Nf6 8. Nc4 Bxc4 9. Qxc4 0-0-0 10. d3 Rd7 11. Be3 Ng4 12. h3 Nxe3 13. fxe3 f6 14. Rad1 g6 15. d4 Qe7 16. dxe5 Rxd1 17. Rxd1 fxe5 18. Rf1 Bh6 19. Qc3 Rf8 20. Rd1 Rd8 21. Rxd8+ Kxd8 22. Kf2 Bg7 23. Qc4 Kd7 24. Qb3 Qe6 25. Qxb7 Qxa2 26. Qb4 Qb1 27. Qc4 Kd6 28. Ng5 Qxb2 29. Qe6+ Kc5 30. Qe7+ Kb6 31. Qxg7 Qxc2+ 32. Kg3 Qe2 33. Qxe5 Qxe3+ 34. Nf3 Qc5 35. Qb2+ Qb5 36. Qxb5+ cxb5 37. Kf4 a5 38. e5 Kc6 39. Kg5 Kd5 40. Kf6 b4 41. e6 b3 42. e7 b2 43. e8Q b1Q 44. Qd7+ Kc5 45. Qxc7+ Kd5 46. Qe5+ Kc6 47. Nd4+ Kb7 48. Qb5+ Qxb5 49. Nxb5 Kb6 50. Na3 Kc5 51. Kg7 Kb4 52. Nb1 Kb3 53. Kxh7 a4 54. Kxg6 Kb2 55. Nd2 Kc2 56. Nc4 Kb3 57. Nd2+ Kc2 58. Nc4 Kb3 59. Nd2+ Kc2 1/2-1/2

[Event "Wch FIDE Online U12 Asia qual"]
[Site "Tornelo INT"]
[Date "2020.12.12"]
[Round "5"]
[White "Kannappan, Thanneermalai"]
[Black "Seder, Mohamad"]
[Result "1-0"]
[WhiteElo "1504"]
[BlackElo "1722"]
[PlyCount "111"]
[EventDate "2020.12.11"]
[EventType "swiss (rapid)"]
[EventRounds "7"]
[EventCountry "ISS"]
[SourceTitle "EXT 2022"]
[Source "ChessBase"]
[SourceDate "2021.10.06"]
[SourceVersion "1"]
[SourceVersionDate "2021.10.06"]
[SourceQuality "1"]

1. e4 c5 2. Nf3 Nc6 3. d4 cxd4 4. Nxd4 g6 5. c4 Nf6 6. Nc3 Nxd4 7. Qxd4 d6 8. Be2 Bg7 9. Be3 0-0 10. Qd2 Bd7 11. 0-0 Bc6 12. f3 a6 13. Rac1 Rc8 14. b3 h5 15. Nd5 Bxd5 16. exd5 Nd7 17. Bd4 Bxd4+ 18. Qxd4 Qb6 19. Qxb6 Nxb6 20. Bd3 Nd7 21. Rfe1 Ne5 22. Bb1 g5 23. f4 gxf4 24. Rf1 Ng6 25. Rce1 Rc7 26. Re2 b5 27. cxb5 axb5 28. Bd3 Rc5 29. Be4 Re8 30. b4 Rc4 31. a3 Kg7 32. Bd3 Rc3 33. Bxb5 Rb8 34. a4 Kf6 35. g3 Kg5 36. gxf4+ Nxf4 37. Rxe7 Rg8 38. Kh1 f5 39. Ree1 Nxd5 40. Rg1+ Kh4 41. Rxg8 Nf6 42. Rgg1 Ng4 43. Rgf1 Rh3 44. a5 Rxh2+ 45. Kg1 Kh3 46. Rf3+ Kh4 47. a6 Rd2 48. Ra1 Nh2 49. Rf2 Rd3 50. Bxd3 Kg3 51. Rxh2 h4 52. Rxh4 f4 53. a7 f3 54. Rh3+ Kxh3 55. Kf2 Kh2 56. a8Q 1-0

[Event "Wch FIDE Online U12 Asia qual"]
[Site "Tornelo INT"]
[Date "2020.12.11"]
[Round "1"]
[White "Kannappan, Thanneermalai"]
[Black "Ilamparthi, AR."]
[Result "0-1"]
[WhiteElo "1504"]
[BlackElo "1989"]
[PlyCount "96"]
[EventDate "2020.12.11"]
[EventType "swiss (rapid)"]
[EventRounds "7"]
[EventCountry "ISS"]
[SourceTitle "EXT 2022"]
[Source "ChessBase"]
[SourceDate "2021.10.06"]
[SourceVersion "1"]
[SourceVersionDate "2021.10.06"]
[SourceQuality "1"]

1. e4 e5 2. Nf3 Nc6 3. Bb5 a6 4. Bxc6 dxc6 5. 0-0 Bd6 6. d4 exd4 7. Qxd4 f6 8. Be3 Ne7 9. Nbd2 0-0 10. Nc4 Be6 11. Qc3 Qe8 12. Rad1 Rd8 13. Rfe1 Qg6 14. Bc1 Bc5 15. Nce5 fxe5 16. Qxc5 Rxd1 17. Rxd1 Nc8 18. Ng5 h6 19. Nxe6 Qxe6 20. b3 b6 21. Qe3 Nd6 22. Bb2 Re8 23. f3 a5 24. a4 Nf7 25. Qc3 h5 26. f4 Qg4 27. Rf1 exf4 28. Qxc6 Re6 29. Qd7 Rxe4 30. Qxg4 hxg4 31. Kf2 Nd6 32. Rd1 Kf7 33. Rd5 g6 34. Rg5 f3 35. gxf3 gxf3 36. Kxf3 Rh4 37. Rg2 Nf5 38. Rf2 Ke6 39. c4 Rh3+ 40. Kg4 Rxb3 41. Bc1 Rb4 42. Re2+ Kf7 43. Kg5 Rxc4 44. Bb2 Rxa4 45. Re5 Nd6 46. Bc1 Ne4+ 47. Kh6 Nf6 48. Bg5 Ng4+ 0-1

[Event "Asia Nations online Cup"]
[Site "Chess.com INT"]
[Date "2020.10.16"]
[Round "4.15"]
[White "Khaleel, Shgaraf"]
[Black "Kannappan, Thanneermalai"]
[Result "0-1"]
[WhiteElo "1869"]
[BlackElo "1504"]
[PlyCount "60"]
[EventDate "2020.10.10"]
[EventType "team-swiss (rapid)"]
[EventRounds "9"]
[EventCountry "IND"]
[SourceTitle "CBM 198 Extra"]
[Source "ChessBase"]
[SourceDate "2020.11.30"]
[SourceVersion "1"]
[SourceVersionDate "2020.11.30"]
[SourceQuality "1"]
[WhiteTeam "Palestine"]
[BlackTeam "Hong Kong"]
[WhiteTeamCountry "PLE"]
[BlackTeamCountry "HKG"]

1. c4 e6 2. d4 Nf6 3. Nf3 b6 4. g3 Bb7 5. Bg2 Be7 6. 0-0 0-0 7. Nc3 Ne4 8. Qc2 Nxc3 9. Qxc3 f5 10. Rd1 Bf6 11. Bf4 d6 12. Rac1 g5 13. Be3 g4 14. Ne1 Bxg2 15. Nxg2 Nd7 16. Qb3 Qe7 17. Nf4 c5 18. dxc5 Nxc5 19. Bxc5 bxc5 20. Rc2 Rab8 21. Qe3 Be5 22. Nd3 Bd4 23. Qd2 Rbd8 24. e3 Bf6 25. Nf4 Rfe8 26. Qa5 Qb7 27. Rcd2 Qc6 28. Nh5 Be5 29. Nf4 Bxf4 30. exf4 d5 0-1

[Event "Asia Cup U14"]
[Site "Shenzhen"]
[Date "2019.12.25"]
[Round "8.2"]
[White "Atakhan, Abtin"]
[Black "Kannappan, Thanneermalai"]
[Result "1-0"]
[WhiteElo "2307"]
[BlackElo "1495"]
[PlyCount "131"]
[EventDate "2019.12.19"]
[EventType "team-tourn"]
[EventRounds "9"]
[EventCountry "CHN"]
[SourceTitle "CBM 194 Extra"]
[Source "ChessBase"]
[SourceDate "2020.03.31"]
[SourceVersion "1"]
[SourceVersionDate "2020.03.31"]
[SourceQuality "1"]
[WhiteTeam "Iran"]
[BlackTeam "Hong Kong"]
[WhiteTeamCountry "IRI"]
[BlackTeamCountry "HKG"]

1. c4 e6 2. Nf3 Nf6 3. g3 d5 4. Bg2 Be7 5. 0-0 0-0 6. b3 c6 7. Bb2 Nbd7 8. d4 b6 9. Nc3 Ba6 10. Qc2 dxc4 11. bxc4 Bxc4 12. Rfd1 Qc7 13. Rac1 Rac8 14. Nd2 Ba6 15. Qa4 Nb8 16. e4 b5 17. Qb3 Qb6 18. Ba1 Rfd8 19. Nf3 Bb7 20. Ne5 Nbd7 21. Nf3 a5 22. Rb1 Qa7 23. Nd2 Nb6 24. Ne2 a4 25. Qe3 b4 26. Rbc1 Ba6 27. h3 Nbd7 28. g4 c5 29. g5 Ne8 30. d5 Qb6 31. Nc4 Bxc4 32. Rxc4 Nd6 33. Rcc1 c4 34. Qf4 exd5 35. e5 Ne4 36. Rxd5 Nxg5 37. Rxc4 Rxc4 38. Qxc4 b3 39. Qxa4 Nc5 40. Rxd8+ Qxd8 41. Qa8 Qxa8 42. Bxa8 bxa2 43. Bd5 Nxh3+ 44. Kg2 Ng5 45. Bxa2 h5 46. f4 Nge4 47. Bd5 g5 48. f5 g4 49. Ng3 Nxg3 50. Kxg3 Bg5 51. Bc4 h4+ 52. Kxg4 Bd8 53. Bd4 Nd7 54. e6 fxe6 55. Bxe6+ Kf8 56. Bxd7 Kf7 57. Be6+ Kf8 58. Bf2 Bf6 59. Bxh4 Bg7 60. Kg5 Ke7 61. Kg6+ Kf8 62. Be7+ Kxe7 63. Kxg7 Kd6 64. Ba2 Ke7 65. f6+ Ke8 66. f7+ 1-0

[Event "Asia Cup U14"]
[Site "Shenzhen"]
[Date "2019.12.21"]
[Round "4.2"]
[White "Zhang, Yuanxiao"]
[Black "Kannappan, Thanneermalai"]
[Result "1-0"]
[WhiteElo "1545"]
[BlackElo "1495"]
[PlyCount "59"]
[EventDate "2019.12.19"]
[EventType "team-tourn"]
[EventRounds "9"]
[EventCountry "CHN"]
[SourceTitle "CBM 194 Extra"]
[Source "ChessBase"]
[SourceDate "2020.03.31"]
[SourceVersion "1"]
[SourceVersionDate "2020.03.31"]
[SourceQuality "1"]
[WhiteTeam "China IV"]
[BlackTeam "Hong Kong"]
[WhiteTeamCountry "CHN"]
[BlackTeamCountry "HKG"]

1. e4 c5 2. c3 Nf6 3. e5 Nd5 4. d4 cxd4 5. Nf3 e6 6. cxd4 d6 7. Bc4 Nb6 8. Bb3 Nc6 9. 0-0 Be7 10. Nc3 0-0 11. Bf4 dxe5 12. dxe5 a6 13. Re1 Qc7 14. Qe2 Bd7 15. Rac1 Rac8 16. Bc2 Nb4 17. Bb1 Bc6 18. a3 N4d5 19. Nxd5 Nxd5 20. Bg5 h6 21. Qc2 f5 22. exf6 Nxf6 23. Bxf6 Rxf6 24. Qh7+ Kf7 25. Ne5+ Ke8 26. Bg6+ Kd8 27. Red1+ Bd6 28. Qg8+ Rf8 29. Qxf8+ Be8 30. Qxe8# 1-0

[Event "Asia Cup U14"]
[Site "Shenzhen"]
[Date "2019.12.19"]
[Round "1.2"]
[White "Zhang, Di"]
[Black "Kannappan, Thanneermalai"]
[Result "1-0"]
[WhiteElo "2013"]
[BlackElo "1495"]
[PlyCount "83"]
[EventDate "2019.12.19"]
[EventType "team-tourn"]
[EventRounds "9"]
[EventCountry "CHN"]
[SourceTitle "CBM 194 Extra"]
[Source "ChessBase"]
[SourceDate "2020.03.31"]
[SourceVersion "1"]
[SourceVersionDate "2020.03.31"]
[SourceQuality "1"]
[WhiteTeam "China"]
[BlackTeam "Hong Kong"]
[WhiteTeamCountry "CHN"]
[BlackTeamCountry "HKG"]

1. Nf3 Nf6 2. g3 b6 3. Bg2 Bb7 4. 0-0 e6 5. d4 Be7 6. c4 c5 7. d5 exd5 8. Nh4 0-0 9. cxd5 d6 10. Nc3 Nbd7 11. Nf5 a6 12. a4 Rc8 13. Bf4 Nb8 14. e4 g6 15. Ne3 Nh5 16. Bh6 Re8 17. Nc4 Bf8 18. Bxf8 Kxf8 19. Qb3 Nf6 20. Nxb6 Rc7 21. Nc4 Rce7 22. e5 Ng4 23. Nxd6 Qd7 24. Nxe8 Rxe8 25. e6 Qe7 26. d6 Qxd6 27. Qxb7 Qxe6 28. Rad1 Ne5 29. Rfe1 Nbd7 30. f4 Qf6 31. fxe5 Nxe5 32. Rf1 Qg5 33. Rde1 Re7 34. Qb8+ Kg7 35. Nd5 Re6 36. Nc7 Re7 37. Ne8+ Kh6 38. Nf6 Nf3+ 39. Bxf3 Qxf6 40. Qf8+ Kg5 41. h4+ Kf5 42. Bd1# 1-0

[Event "Hong Kong-ch prel"]
[Site "Hong Kong"]
[Date "2019.01.21"]
[Round "3"]
[White "Kannappan, Thanneermalai"]
[Black "Chan, Tai Yuen Gabriel"]
[Result "1-0"]
[WhiteElo "1423"]
[BlackElo "1081"]
[PlyCount "45"]
[EventDate "2019.01.07"]
[EventType "swiss"]
[EventRounds "9"]
[EventCountry "HKG"]
[SourceTitle "EXT 2020"]
[Source "ChessBase"]
[SourceDate "2019.10.17"]
[SourceVersion "1"]
[SourceVersionDate "2019.10.17"]
[SourceQuality "1"]

1. e4 e6 2. d4 d5 3. Nc3 dxe4 4. Nxe4 Nd7 5. Bd3 Be7 6. Nf3 Ngf6 7. 0-0 0-0 8. Re1 b6 9. b3 Bb7 10. Bb2 Qc8 11. Qe2 c5 12. Neg5 h6 13. Nxe6 fxe6 14. Qxe6+ Rf7 15. Bg6 Bd5 16. Bxf7+ Kh8 17. Qxe7 Bxf7 18. Qxf7 cxd4 19. Re7 Qf8 20. Rxd7 Nxd7 21. Qxd7 Qc5 22. Bxd4 Qxc2 23. Qxg7# 1-0

[Event "Hong Kong Jolimark op"]
[Site "Hong Kong"]
[Date "2018.12.24"]
[Round "4"]
[White "Kannappan, Thanneermalai"]
[Black "Michishita, Noah"]
[Result "1-0"]
[WhiteElo "1357"]
[BlackElo "1112"]
[PlyCount "81"]
[EventDate "2018.12.22"]
[EventType "swiss"]
[EventRounds "9"]
[EventCountry "HKG"]
[SourceTitle "CBM 188 Extra"]
[Source "ChessBase"]
[SourceDate "2019.02.26"]
[SourceVersion "1"]
[SourceVersionDate "2019.02.26"]
[SourceQuality "1"]

1. e4 e5 2. Nf3 Nc6 3. Bb5 g6 4. c3 Bg7 5. d4 exd4 6. cxd4 a6 7. Be2 Nge7 8. d5 Ne5 9. Nxe5 Bxe5 10. f4 Bg7 11. 0-0 d6 12. Nc3 0-0 13. Be3 f5 14. Bd4 Bh6 15. Qb3 fxe4 16. Nxe4 Nf5 17. Bc3 Qh4 18. Be1 Qe7 19. Bd3 b6 20. Bc3 Bb7 21. Rae1 Qd8 22. g4 Nh4 23. Nf6+ Rxf6 24. Bxf6 Qxf6 25. Qc4 Qxb2 26. Re2 Qb5 27. Qe4 Qxd5 28. Bc4 Qxc4 29. Qxc4+ Kf8 30. Qxc7 Nf3+ 31. Kf2 Nxh2 32. Qxd6+ Kg8 33. Qe6+ Kh8 34. Rd1 Bf3 35. Qf6+ Kg8 36. Rd8+ Rxd8 37. Qxd8+ Bf8 38. Re8 Bxg4 39. Rxf8+ Kg7 40. Qe7+ Kh6 41. Rh8 1-0

[Event "Hong Kong-ch prel"]
[Site "Hong Kong"]
[Date "2018.03.12"]
[Round "9"]
[White "Iyer, Neel"]
[Black "Kannappan, Thanneermalai"]
[Result "1/2-1/2"]
[WhiteElo "1483"]
[BlackElo "1142"]
[PlyCount "108"]
[EventDate "2018.01.08"]
[EventType "swiss"]
[EventRounds "11"]
[EventCountry "HKG"]
[SourceTitle "EXT 2019"]
[Source "ChessBase"]
[SourceDate "2018.10.10"]
[SourceVersion "1"]
[SourceVersionDate "2018.10.10"]
[SourceQuality "1"]

1. Nf3 Nf6 2. g3 b6 3. Bg2 Bb7 4. 0-0 e6 5. d3 d5 6. Nbd2 Be7 7. Re1 0-0 8. b3 c5 9. Bb2 Nbd7 10. e4 dxe4 11. Nxe4 Nxe4 12. dxe4 Qc7 13. Qd3 Rad8 14. Qc4 Nf6 15. Qc3 Ne8 16. e5 f6 17. Qe3 fxe5 18. Qxe5 Qxe5 19. Nxe5 Bxg2 20. Kxg2 Rd2 21. Nf3 Rxc2 22. Rxe6 Bd6 23. Be5 Bxe5 24. Rxe5 Nf6 25. h3 h6 26. g4 Kf7 27. Kf1 Re8 28. Ree1 Rxe1+ 29. Nxe1 Rb2 30. Nd3 Rd2 31. Ne5+ Ke6 32. Nc4 Rd4 33. Re1+ Re4 34. Rxe4+ Nxe4 35. a4 Kd5 36. f3 Ng5 37. Kg2 Kd4 38. a5 Kc3 39. axb6 axb6 40. Nxb6 Kxb3 41. h4 Ne6 42. Kg3 c4 43. Nd5 c3 44. Ne3 c2 45. Nxc2 Kxc2 46. f4 Kd3 47. f5 Nf8 48. Kf4 Kd4 49. g5 h5 50. g6 Nxg6+ 51. fxg6 Kd5 52. Kf5 Kd6 53. Kf4 Ke6 54. Kg5 Ke5 1/2-1/2

[Event "Hong Kong-ch prel"]
[Site "Hong Kong"]
[Date "2018.03.05"]
[Round "8"]
[White "Kannappan, Thanneermalai"]
[Black "Lee, Wing Kin"]
[Result "1-0"]
[WhiteElo "1142"]
[BlackElo "1178"]
[PlyCount "53"]
[EventDate "2018.01.08"]
[EventType "swiss"]
[EventRounds "11"]
[EventCountry "HKG"]
[SourceTitle "EXT 2019"]
[Source "ChessBase"]
[SourceDate "2018.10.10"]
[SourceVersion "1"]
[SourceVersionDate "2018.10.10"]
[SourceQuality "1"]

1. e4 d6 2. d4 Nf6 3. Nc3 g6 4. Nf3 Bg7 5. Bc4 c6 6. 0-0 0-0 7. h3 b5 8. Bb3 b4 9. Ne2 Nxe4 10. Ng3 Nxg3 11. fxg3 a5 12. a3 a4 13. Ba2 c5 14. axb4 cxd4 15. Nxd4 Qb6 16. Be3 Qxb4 17. Bxf7+ Rxf7 18. Rxf7 Kxf7 19. Qf3+ Kg8 20. Qxa8 Bxd4 21. Qd5+ e6 22. Qxd4 Nc6 23. Qxb4 Nxb4 24. Rxa4 Nxc2 25. Bh6 Bd7 26. Rf4 Nd4 27. Rf8# 1-0